01480nam a22002177a 4500008004100000020001800041050002100059100003000080240003500110245011400145250001800259260003300277300003700310336001000347337001400357338001200371504004100383505077400424650003001198700003401228140401t19902013mx a|||| |||| 00| 0 spa d a9789682439452 aRC454 bS36 19901 aSarason, Irwing G.eautor aAbnormal Psychologylespañol aPsicología anormalb : Los problemas de la conducta desadaptadac / Irwing G. Sarason, Bárbara G. Sarason a3a. edición aMéxicob : Trillasc, 1990 a617 páginasb : illustraciones atexto asin medio avolumen aIncluye: bibliografía (pp.541-565) aLa psicología anormal en la década de los 80 Antecedentes históricos de la psicología anormal moderna Puntos de vista teóricos: biológico, psicodinámico y de aprendizaje Perspectivas cognoscitiva, humanístico-existencial y comunitaria Clasificación y evaluación Trastornos reactivos: efectos del estrés y de la vulnerabilidad Trastornos de ansiedad Interacciones psicológicos y corporales Variaciones sexuales y disfunción sexual Trastornos emocionales Trastornos esquizofrénicos Teorías e investigaciones actuales acerca de la esquizofrenia Trastornos cerebrales Las drogas y el alcohol Conductas desadaptadas de la infancia Retraso mental La terapia y su evaluación Prevención y respuesta de la sociedad a la conducta desadaptada 10aPSICOLOGÍA PATOLÓGICA aSarason, Bárbara G.eautora